Тепловые процессы, протекающие при обработке металлов резанием; Химическая физика и актуальные проблемы энергетики

Detalles Bibliográficos
Parent link:Химическая физика и актуальные проблемы энергетики.— 2012.— [С. 134-136]
Autor principal: Ким Е. С.
Sumario:Заглавие с титульного листа
Lenguaje:ruso
Publicado: 2012
Materias:
Acceso en línea:http://www.lib.tpu.ru/fulltext/c/2012/C03/056.pdf
Formato: Electrónico Capítulo de libro
KOHA link:https://koha.lib.tpu.ru/cgi-bin/koha/opac-detail.pl?biblionumber=230145

MARC

LEADER 00000nla2a2200000 4500
001 230145
005 20231031202512.0
035 |a (RuTPU)RU\TPU\book\250871 
035 |a RU\TPU\book\250868 
090 |a 230145 
100 |a 20130118d2012 k y0rusy50 ca 
101 0 |a rus 
102 |a RU 
105 |a y z 101zy 
135 |a drnn ---uucaa 
181 0 |a i  
182 0 |a b 
200 1 |a Тепловые процессы, протекающие при обработке металлов резанием  |b Электронный ресурс  |f Е. С. Ким 
203 |a Текст  |c электронный 
215 |a 1 файл (204 Кб) 
230 |a Электронные текстовые данные (1 файл : 204 Кб) 
300 |a Заглавие с титульного листа 
320 |a [Библиогр.: с. 135-136 (5 назв.)] 
337 |a Adobe Reader 
463 1 |0 (RuTPU)RU\TPU\book\250360  |t Химическая физика и актуальные проблемы энергетики  |o сборник тезисов и докладов Всероссийской молодежной конференции, г. Томск, 4 - 6 сентября 2012 г.  |f Национальный исследовательский Томский политехнический университет (ТПУ) ; под ред. Г. В. Кузнецова ; Е. Е. Бульбы ; В. И. Максимова ; А. В. Захаревича ; Т. А. Нагорновой  |v [С. 134-136]  |d 2012 
610 1 |a труды учёных ТПУ 
610 1 |a электронный ресурс 
610 1 |a тепловые процессы 
610 1 |a резание металлов 
700 1 |a Ким  |b Е. С. 
801 1 |a RU  |b 63413507  |c 20130116 
801 2 |a RU  |b 63413507  |c 20130206  |g RCR 
856 4 |u http://www.lib.tpu.ru/fulltext/c/2012/C03/056.pdf 
942 |c CF